000
00233 a2200097 4500
001
20512
100
_a
Ponomarey B N
245
_a
A Short History of the Communist Party
260
_a
_b
Progress Publishers
_c
090
_c
14909
_d
14909
942
_a
NUST-CAE
_c
M
_c
5457
999
_c
255585
_d
255585